Sparks and Taylor's nursing diagnosis reference manual / (Record no. 5529)
[ view plain ]
| 000 -LEADER | |
|---|---|
| fixed length control field | 00675nam a2200217 4500 |
| 003 - CONTROL NUMBER IDENTIFIER | |
| control field | OSt |
| 005 - DATE AND TIME OF LATEST TRANSACTION | |
| control field | 20170213140300.0 |
| 008 - FIXED-LENGTH DATA ELEMENTS--GENERAL INFORMATION | |
| fixed length control field | 170213b xxu||||| |||| 00| 0 eng d |
| 020 ## - INTERNATIONAL STANDARD BOOK NUMBER | |
| International Standard Book Number | 97814511187014 |
| 040 ## - CATALOGING SOURCE | |
| Transcribing agency | 040a |
| 082 ## - DEWEY DECIMAL CLASSIFICATION NUMBER | |
| Classification number | WY 100 |
| Item number | S26s 2009 |
| 100 ## - MAIN ENTRY--PERSONAL NAME | |
| Personal name | Ralph, Sheila Sparks |
| 9 (RLIN) | 11527 |
| 245 ## - TITLE STATEMENT | |
| Title | Sparks and Taylor's nursing diagnosis reference manual / |
| Statement of responsibility, etc. | Sheila Sparks Ralph, Cynthia M. Taylor |
| 250 ## - EDITION STATEMENT | |
| Edition statement | 9th.ed. |
| 260 ## - PUBLICATION, DISTRIBUTION, ETC. (IMPRINT) | |
| Place of publication, distribution, etc. | Philadelphia |
| Name of publisher, distributor, etc. | Wolters KLuwer |
| Date of publication, distribution, etc. | 2009 |
| 300 ## - PHYSICAL DESCRIPTION | |
| Extent | xxix, 845p; |
| Dimensions | 16cm. |
| 504 ## - BIBLIOGRAPHY, ETC. NOTE | |
| Bibliography, etc | Includes bibliographical references and index |
| 650 ## - SUBJECT ADDED ENTRY--TOPICAL TERM | |
| Topical term or geographic name as entry element | Nursing diagnosis |
| 9 (RLIN) | 6489 |
| 700 ## - ADDED ENTRY--PERSONAL NAME | |
| Personal name | Taylor, Cynthia M. |
| 9 (RLIN) | 11528 |
| 942 ## - ADDED ENTRY ELEMENTS (KOHA) | |
| Source of classification or shelving scheme | Other/Generic Classification Scheme |
| Koha item type | Open Shelf |
| Withdrawn status | Lost status | Source of classification or shelving scheme | Damaged status | Not for loan | Home library | Current library | Date acquired | Source of acquisition | Inventory number | Total Checkouts | Total Renewals | Full call number | Barcode | Date last seen | Date last checked out | Price effective from | Koha item type |
|---|---|---|---|---|---|---|---|---|---|---|---|---|---|---|---|---|---|
| Other/Generic Classification Scheme | MUST Main Library | MUST Main Library | 13/02/2017 | 2014/38168 | 2 | 1 | WY 100 S26s 2009 | 2017-0165 | 22/10/2019 | 09/10/2019 | 13/02/2017 | Open Shelf |
